LEADER 01045nam0-22003491i-450 001 990001788400403321 005 20190529131425.0 035 $a000178840 035 $aFED01000178840 035 $a(Aleph)000178840FED01 035 $a000178840 100 $a20030910f198.----km-y0itay50------ba 101 0 $aita 102 $aIT 105 $ay-------001yy 200 1 $a<>punto sulla difesa antiperonosporica della vite$eattivitą di vecchi e nuovi fungicidi$fIvan Ponti, G. Cavallini, G. Spada, M. Scannavini 210 $aBologna$cOsservatorio per le malattie delle piante$d[198.] 215 $a17 p.$d30 cm 610 0 $aViti 610 0 $aPeronospora 676 $a589.252 702 1$aCavallini,$bG. 702 1$aPonti,$bIvan 702 1$aScannavini,$bM. 702 1$aSpada,$bGiovanni 801 0$aIT$bUNINA$gRICA$2UNIMARC 901 $aLG 912 $a990001788400403321 952 $a60 OP. 130/9$b5122$fFAGBC 959 $aFAGBC 996 $aPunto sulla difesa antiperonosporica della vite$9408029 997 $aUNINA LEADER 00801nam0-22002651i-450 001 990006897250403321 005 20200616102154.0 100 $a20001010d1988----km-y0itay50------ba 101 0 $aita 102 $aIT 105 $ay-------001yy 200 1 $a<>scienza per l'amministrazione$estatistica e pubblici apparati tra etą rivoluzionaria e restaurazione$fFrancesca Sofia 210 $aRoma$cCarucci$d1988 215 $a429 p.$d23 cm 225 1 $aQuaderni di Clio$v6 610 0 $aStatistica$aStoria 676 $a310$v23$zita 700 1$aSofia,$bFrancesca$0254234 801 0$aIT$bUNINA$gREICAT$2UNIMARC 901 $aBK 912 $a990006897250403321 952 $aCOLLEZ. 1371 (6)$b13419$fFSPBC 959 $aFSPBC 996 $aScienza per l'amministrazione$9629409 997 $aUNINA